000 00353nam a2200157Ia 4500
003 OSt
005 20240327163527.0
008 230219s9999 xx 000 0 und d
020 _a9781529064414
082 _a823
_bSTUS
100 _aStuart, Douglas
245 0 _aShuggie Bain
260 _aNew York
_bPicador
_c2020
300 _a430
942 _cBK
_2ddc
999 _c1147
_d1147